Manuel pratique du fraiseur-mécanicien: technologie professionnelle appliquée

Uloženo v:
Podrobná bibliografie
Hlavní autor: Sodano, E (Autor)
Médium: Kniha
Jazyk:francouzština
Vydáno: París Dunod 1967
Vydání:4a. ed
Edice:Manuels pratiques Dunod
Témata:
Tagy: Přidat tag
Žádné tagy, Buďte první, kdo vytvoří štítek k tomuto záznamu!

MARC

LEADER 00000nam a2200000 a 4500
001 UCP2950
003 CL-VaPUC
008 990604e19670000FR |||||||||||||||||fre|d
082 0 4 |a 621.91  |b SOD  |2 21 
100 0 |a Sodano, E  |e author  |9 429972 
245 1 0 |a Manuel pratique du fraiseur-mécanicien: technologie professionnelle appliquée 
250 |a 4a. ed 
300 |a 278 p 
942 |c BK 
945 |d 19990604 00:00:00  |a cmena 
260 |a París  |b Dunod  |c 1967 
650 7 |a MAQUINADO  |2 CL-VaPUC  |9 429973 
650 0 |a Procesos industriales  |9 334036 
650 0 |a Máquinas herramientas  |9 262583 
650 7 |a TRABAJADO DE METALES  |2 CL-VaPUC  |9 344423 
650 7 |a TECNICAS DE PRODUCCION  |2 CL-VaPUC  |9 352706 
650 7 |a ELEMENTOS DE MAQUINAS  |2 CL-VaPUC  |9 429974 
583 |a last modification  |c 19990604 00:00:00  |k Rodrigo Vera 
490 0 |a Manuels pratiques Dunod 
999 |c 281407  |d 281405